000 00729nam a2200205 a 4500
003 0
005 20250203102511.0
008 130724s19uu xx 00 eng d
050 _aPHS LC 212.4
_b.G463 2013
100 _aGil, Eunsol
245 _aSelf-esteem and cosmetic enhancement of grade 10 and 11 female students /
_cEunsol Gil.
260 _aLas PiƱas City, Philippines :
_bSouthville International School and Colleges,
_c2013.
300 _a36 p. :
_bill. ;
_c28 cm.
504 _aIncludes bibliographical references.
650 _aSelf-esteem in adolescence.
650 _aCosmetics
_vSocial aspects.
650 _aAdolescents
_vPsychology.
650 _aCosmetic products
_vPsychological aspects.
942 _2lcc
_cPASS
999 _c98903
_d98903